Loading...
| Literature - British Literature | 0 | 6 | 0 | 0 | 60 | 46 | 70.50 | 3 | 6 |
| Fine Arts - Other Fine Arts | 0 | 4 | 0 | 0 | 40 | 57 | 63.25 | 2 | 4 |
| Literature - American Literature | 0 | 4 | 1 | 0 | 35 | 47 | 53.25 | 2 | 4 |
| History - Other History | 0 | 3 | 0 | 1 | 30 | 61 | 90.00 | 1 | 1 |
| Literature - World Literature | 0 | 3 | 1 | 0 | 25 | 73 | 94.00 | 1 | 1 |
| Literature - European Literature | 0 | 3 | 1 | 0 | 25 | 50 | 58.67 | 0 | 2 |
| History - World History | 0 | 2 | 0 | 1 | 20 | 77 | 88.50 | 0 | 0 |
| Science - Other Science | 0 | 1 | 0 | 1 | 10 | 118 | 118.00 | 0 | 0 |
| Fine Arts - Painting and Sculpture | 0 | 2 | 2 | 0 | 10 | 74 | 95.50 | 0 | 0 |
| History - European History | 0 | 1 | 0 | 0 | 10 | 126 | 126.00 | 0 | 1 |
| Mythology | 0 | 1 | 0 | 0 | 10 | 90 | 90.00 | 0 | 0 |
| Pop Culture | 0 | 0 | 1 | 0 | -5 | 0.00 | 0 | 0 | |
| Current Events | 0 | 0 | 1 | 0 | -5 | 0.00 | 0 | 0 |